Normal view
MARC view
- Barbakadze, V.Sh
Entry Personal Name
001 - CONTROL NUMBER
- control field: 40835
003 - CONTROL NUMBER IDENTIFIER
- control field: NUST
005 - DATE AND TIME OF LATEST TRANSACTION
- control field: 20210314131910.0
008 - FIXED-LENGTH DATA ELEMENTS
- fixed length control field: 210314|| aca||aabn | a|a d
040 ## - CATALOGING SOURCE
- Original cataloging agency: NUST
- Transcribing agency: NUST
100 ## - HEADING--PERSONAL NAME
- Personal name: Barbakadze, V.Sh
670 ## - SOURCE DATA FOUND
- Source citation: Work cat.: (NUST): Barbakadze, V.Sh, Durability of building structures and constructions from composite materials, 1995
